Před deštěm

Podrobná bibliografia
Hlavný autor: Kovařík, Radek (Autor)
Médium: Článok
Jazyk:slovenčina
čeština
Predmet:

MARC

LEADER 00000nab a2200000 a 4500
001 vtls000457389
003 SK-MaSNL
005 20260304082506.0
008 250424c1992 xo 0 slo
015 |a SNBRB19rr/mm-uuuuu 
035 |a CL0457520 
035 |a urn:nbn:sk:snk-abbmtn 
035 |a (urnnbn)urn:nbn:sk:snk:ar-0033dd 
035 |a (uuid)2e92dbc7-e16b-4f5d-8a01-37c6aaaf5aeb 
040 |a SNKBUCL  |b slo  |c SNKBUCL  |e AACR2 
041 1 |a cze 
044 |a xo  |c SK 
080 |a 885.0-1  |2 1981 
100 1 |a Kovařík, Radek  |4 aut  |9 1371971 
245 1 0 |a Před deštěm  |c Radek Kovařík 
500 |a V rubrike Katapult. Inform. o autorovi na s. 25. 
655 7 |a česká poézia  |2 snkbucl  |9 70569 
655 7 |a články z novín a časopisov  |2 snkbucl  |9 267496 
773 0 |t Dotyky  |g Roč. 4, č. 4 (1992), s. 24 
850 |a Slovenská národná knižnica 
852 |a Slovenská národná knižnica 
958 |a article15 
958 |a OND 
958 |a RK 
958 |a CZ 
958 |a LX 
958 |a EUIPO 
992 |a RBX 
999 |c 2796471  |d 2798401